K problematike poistenia pohľadávok

Poistenie pohľadávok v medzinárodnom obchode. Pôvod komerčných a politických rizík. Potreba dobrej informovanosti odberateľa o svojom vývozcovi. Bonita obchodného partnera. Výhody poistenia pohľadávok. Euler Hermes, Atradius, Coface - najväčšie poisťovacie spoločnosti pre poistenie pohľadávok.

Gespeichert in:
Bibliographische Detailangaben
1. Verfasser: Drugdová, Barbora
Weitere Verfasser: Marko, Peter
Format: Buchkapitel
Sprache:Slowakisch
Schlagworte:
Tags: Tag hinzufügen
Keine Tags, Fügen Sie das erste Tag hinzu!

MARC

LEADER 00000naa$a2200000$$$4500
001 0056079
005 20240502083138.5
041 0 |a slo 
044 |a CZ 
245 1 0 |a K problematike poistenia pohľadávok  |c Barbora Drugdová, Peter Marko 
520 |a Poistenie pohľadávok v medzinárodnom obchode. Pôvod komerčných a politických rizík. Potreba dobrej informovanosti odberateľa o svojom vývozcovi. Bonita obchodného partnera. Výhody poistenia pohľadávok. Euler Hermes, Atradius, Coface - najväčšie poisťovacie spoločnosti pre poistenie pohľadávok. 
610 2 0 |a poistenie 
610 2 0 |a pohľadávky 
610 2 0 |a spoločnosti 
610 2 0 |a riziko 
610 2 0 |a obchod medzinárodný 
100 1 |a Drugdová, Barbora 
700 1 |a Marko, Peter